| 000 | 00510nam a2200181Ia 4500 | ||
|---|---|---|---|
| 999 |
_c16614 _d16614 |
||
| 003 | OSt | ||
| 005 | 20210106110047.0 | ||
| 008 | 190216s9999||||xx |||||||||||||| ||und|| | ||
| 020 | _a8188624179 | ||
| 040 | _cMESKC library | ||
| 082 |
_a891.733 _bTOL/T |
||
| 100 |
_aTolstoy, Leo _9257 |
||
| 245 | 0 |
_aTolstoy Ke Shaishik Vichar / _cTolstoy |
|
| 260 |
_bShivalik Publications, _aDelhi: _c2009. |
||
| 300 | _a152p | ||
| 650 | _aHindi | ||
| 942 |
_cBK _2ddc _h891.733 _iTOL/T _k891.733 _mTOL/T |
||